Manual de desarrollo y alteraciones del lenguaje: aspectos evolutivos y patología en el niño y el adulto

Salvato in:
Dettagli Bibliografici
Autori principali: Puyuelo Sanclemente, Miguel (Autore), Rondal, Jean-Adolphe (Autore)
Natura: Libro
Lingua:spagnolo
Pubblicazione: Barcelona Masson 2003
Edizione:1a. ed
Serie:Colección de Psicopedagogía y Lenguaje
Soggetti:
Tags: Aggiungi Tag
Nessun Tag, puoi essere il primo ad aggiungerne!!

MARC

LEADER 00000nam a2200000 a 4500
001 UCI8684
003 CL-VaPUC
008 080922e20030000SP |||||||||||||||||spa|d
020 |a 8445813013 
082 0 4 |a 401.93  |b PUY  |2 21 
100 0 |a Puyuelo Sanclemente, Miguel  |e author  |9 532261 
700 0 |a Rondal, Jean-Adolphe  |e author  |9 532262 
245 1 0 |a Manual de desarrollo y alteraciones del lenguaje: aspectos evolutivos y patología en el niño y el adulto 
250 |a 1a. ed 
300 |a 598 p 
942 |c BK 
945 |d 20080922 00:00:00  |a jtorresc 
260 |a Barcelona  |b Masson  |c 2003 
650 0 |a Adquisición del lenguaje   |9 309032 
650 0 |a Psicolingüística   |9 283371 
650 0 |a Desarrollo del lenguaje   |9 311270 
650 0 |a Psicología del niño  |9 307305 
583 |a last modification  |c 20080922 00:00:00  |k Rodrigo Vera 
490 0 |a Colección de Psicopedagogía y Lenguaje 
999 |c 331494  |d 331492 
952 |0 0  |1 0  |4 0  |6 401_930000000000000_PUY_2003  |7 0  |8 A  |9 418204  |a FDOPOS  |b FDOPOS  |d 2019-11-22  |i 4482441  |o 401.93 PUY 2003  |p 4482441  |r 2025-01-22  |w 2019-11-22  |y BK  |k MLA 
952 |0 0  |1 0  |4 0  |6 401_930000000000000_PUY_2003  |7 0  |8 R  |9 418205  |a BIBEDU  |b BIBEDU  |c MCIRC  |d 2019-11-22  |i 4694740  |o 401.93 PUY 2003  |p 4694740  |r 2023-01-13  |w 2019-11-22  |y BK_R  |k EDI